Jawel majoor. (Record no. 4421)

MARC details
000 -LEADER
fixed length control field 00552cam a22002051 4500
001 - CONTROL NUMBER
control field af 48001242
003 - CONTROL NUMBER IDENTIFIER
control field DLC
005 - DATE AND TIME OF LATEST TRANSACTION
control field 20260227110848.0
008 - FIXED-LENGTH DATA ELEMENTS--GENERAL INFORMATION
fixed length control field 751114s1945 ne a 000 1 dut
010 ## - LIBRARY OF CONGRESS CONTROL NUMBER
LC control number af 48001242
035 ## - SYSTEM CONTROL NUMBER
System control number (OCoLC)1836345
040 ## - CATALOGING SOURCE
Original cataloging agency DLC
Transcribing agency FMU
Modifying agency OCoLC
-- DLC
042 ## - AUTHENTICATION CODE
Authentication code premarc
050 00 - LIBRARY OF CONGRESS CALL NUMBER
Classification number PT5876.V495
Item number J3
100 1# - MAIN ENTRY--PERSONAL NAME
Personal name Visto, H. E.
245 10 - TITLE STATEMENT
Title Jawel majoor.
Statement of responsibility, etc. Met tekeningen van A. G. Smits.
260 ## - PUBLICATION, DISTRIBUTION, ETC.
Place of publication, distribution, etc. Eindhoven,
Name of publisher, distributor, etc. De Pelgrim,
Date of publication, distribution, etc. 1945.
300 ## - PHYSICAL DESCRIPTION
Extent 75 p.
Other physical details illus.
Dimensions 1945.
650 #0 - SUBJECT ADDED ENTRY--TOPICAL TERM
Topical term or geographic name entry element World War, 1939-1945
Form subdivision Fiction.

No items available.

Powered by Koha